Краткий словарь иностранных слов: Около 4500 слов и терминов

Bibliografiset tiedot
Päätekijä: Локшина С. М. Слава Мироновна
Kieli:venäjä
Julkaistu: Москва, Советская энциклопедия, 1966
Aiheet:
Aineistotyyppi: MixedMaterials Kirja
KOHA link:https://koha.lib.tpu.ru/cgi-bin/koha/opac-detail.pl?biblionumber=66278

MARC

LEADER 00000nam0a2200000 4500
001 66278
005 20231031071402.0
035 |a (RuTPU)RU\TPU\book\70443 
035 |a RU\TPU\book\11340 
090 |a 66278 
100 |a 20040811d1966 km y0rusy50 ca 
101 0 |a rus 
102 |a RU 
105 |a y e 000zy 
200 1 |a Краткий словарь иностранных слов  |e Около 4500 слов и терминов  |f С. М. Локшина 
210 |a Москва  |c Советская энциклопедия  |d 1966 
215 |a 384 с. 
610 1 |a иностранные слова 
610 1 |a словари 
610 1 |a русский язык 
675 |a 4(03)  |v 3 
686 |a Ш121.2-4  |2 rubbk 
700 1 |a Локшина  |b С. М.  |g Слава Мироновна 
801 0 |a RU  |b 63413507  |c 20011209  |g PSBO 
801 2 |a RU  |b 63413507  |c 20181112  |g PSBO 
942 |c BK